Statistics for Countries in crescent on map

Click here to take the quiz!

General Stats

  • This quiz has been taken 15 times
  • The average score is 31 of 34

Answers on the Map

Answers color-coded by a green-red scale on the quiz's map according to % correct below.
Loading ...
 

Answer Stats

Country% Correct
South Sudan
100%
Sudan
100%
Saudi Arabia
100%
Angola
93%
Botswana
93%
Zambia
93%
Uganda
93%
Tanzania
93%
South Africa
93%
Republic of the Congo
93%
Namibia
93%
Mozambique
93%
Malawi
93%
Madagascar
93%
Libya
93%
Zimbabwe
93%
Burundi
93%
Iran
93%
Ethiopia
93%
Chad
93%
Democratic republic of the Congo
93%
Egypt
93%
Equatorial Guinea
87%
Cameroon
87%
Central African republic
87%
Kenya
87%
Lesotho
87%
Eswatini
87%
Nigeria
87%
Gabon
87%
Iraq
87%
Rwanda
87%
Sao tome and Principe
67%
Jordan
67%

Score Distribution

Percentile by Number Answered

Percent of People with Each Score

Your Score History

You have not taken this quiz